000 00878nam a2200241Ia 4500
003 OSt
005 20220923221912.0
006 a|||||r|||| 00| 0
007 ta
008 220922b |||||||| |||| 00| 0 hin d
024 _a200,941
037 _cTextual
040 _aARTS
_cARTS
_bhin
041 _2hin
_ahin
082 _aO168:1L97:9, 152K0
100 _aराम नाथ
245 0 _aगालिब जीवन समीक्षा व्याख्या एवं काव्य
246 _aGālib jīvan samīkṣhā vyākhyā evan kāvya
260 _c1974
490 _aज्ञानपीठ लोकोदय ग्र्रंथमाला लक्ष्मीचन्द्र जैन द्वारा संपा 119
942 _hO168:1L97:9, 152K0
_cTEXL
_2CC
999 _c352604
_d352604